| 000 | 00478nam a2200169Ia 4500 | ||
|---|---|---|---|
| 005 | 20250424120252.0 | ||
| 008 | 250424s9999 xx 000 0 und d | ||
| 022 | _a15975460 | ||
| 050 | _aS 473.N5 .J67/ | ||
| 245 | 0 | _aJournal of agriculture and agricultural technology (JAAT) | |
| 260 | _aMinna | ||
| 260 | _bSchool of Agriculture and Agricultural Technology | ||
| 260 | _cjune | ||
| 300 | _a133 p. ; 29 cm. | ||
| 650 | _aAgriculture--Nigeria--Periodicals. | ||
| 942 | _cSR | ||
| 999 |
_c38349 _d38349 |
||